000 00900nam a2200265Ia 4500
003 GCL
008 140319s9999 xx 000 0 ara d
040 _aGCL /
_cGCL
082 0 4 _aق
_b923.2
_bر ع
100 1 _aرشوان محمود جاب الله
245 1 0 _aعلى ماهر (2) /
_cرشوان محمود جاب الله
260 _a[S.N] :
_bالهيئة المصرية العامة للكتاب ،
_c1987
300 _a129 ص
490 _aتاريخ المصريين
_v0
650 0 4 _aالعصر الحديث
650 0 4 _aمصر
650 0 4 _aتاريخ
650 0 4 _aثورة 23 يوليو 1952
650 0 4 _aالاستقلال والحكم الملكى
650 0 4 _aالاحتلال البريطانى
650 0 4 _aالرجال - تراجم
650 0 4 _aعلى ماهر
650 0 4 _aمصر - تاريخ - العصر الحديث - ثورة 1919
942 _2ddc
_cBK
999 _c52482
_d52482